Responses for show #3305 - Friday, January 8, 1999

Contestants

Kraig Norris, a greeting card manufacturer from Portland, Oregon

Wendy Salisbury, a travel agent from Seaford, Delaware

David Becker, an attorney from Washington, D.C. (whose 1-day cash winnings total $14,200)

Jeopardy! Round responses

MORE FIRST LADIES
CORNY MOVIES
DON'T MISS THE BOAT
COLOR MY WORLD
I DID MY TIME
DAM IT!
(Alex: D-A-M)
    $100 6
Betty Ford

David
    $100 1
Field Of Dreams

David
    $100 12
Whale

David
    $100 11
Red carpet

Kraig
    $100 18
Nelson Mandela

Kraig
    $100 22
(D: What is the Suez Canal Dam?)

Aswan High Dam

DavidWendy
    $200 7
Mary Todd Lincoln

Kraig
    $200 2
Big

David
    $200 23
Fort Sumter

David
    $200 13
Green Berets

David
    $200 25
(Alex: And why am I doing a weird accent? - we have less than a minute to go...)
(K: You sound good, Alex!)

Aleksandr Solzhenitsyn

Kraig
    $200 21
(K: What is the Jonestown Flood?)

The Johnstown Flood

WendyKraig
    $300 8
Abigail Adams

David
    $300 3
The Bridges Of Madison County

Triple Stumper
    $1,000 24
Niagara Falls

David
    $300 14
(D: What are blues?)

Bluegrass

David
Triple Stumper
    $300 26
Marco Polo

David
    $300 17
Hoover Dam

David
    $400 9
Lady Bird Johnson

David
    $400 4
W.K. Kellogg

David
    $400 29
Staten Island Ferry

Wendy
    $400 15
Black & Tan

Wendy
    $400 27
The Man in the Iron Mask

Wendy
    $400 19
(D: What is Bismarck?)

Pierre

DavidKraig
    $500 10
Pat Nixon

Triple Stumper
    $500 5
Viva Zapata!

Triple Stumper
    $500 30
San Antonio

Wendy
    $500 16
Yellow Sea

Kraig
    $500 28
Rudolf Hess

Kraig
    $500 20
Grand Coulee Dam

Kraig

Scores at the first commercial break (after clue 15):

David Wendy Kraig
$1,500 $400 $300

Scores at the end of the Jeopardy! Round:

David Wendy Kraig
$2,800 $2,000 $2,300

Double Jeopardy! Round responses

IT'S A MASTERPIECE!
THE BASS
WHO CREATED THEM?
A.K.A.
GATHERINGS
"DEATH" PENALTY
    $200 1
Washington Crossing The Delaware

David
    $200 2
Cream

David
    $200 12
Sir Arthur Conan Doyle

Wendy
    $200 4
Estevez

Wendy
    $200 23
Showers

Wendy
    $200 10
(D: What is the Black Plague?)

The Black Death

DavidWendy
    $400 5
Guernica

David
    $400 3
Reggae

Kraig
    $400 13
Edgar Allan Poe

Kraig
    $400 6
Stefanie Powers

David
    $400 24
Premiere

Kraig
    $400 11
Death Valley National Park

Kraig
    $600 16
The Night Watch

Wendy
    $600 28
a fretless

Wendy
    $600 14
Ernest Hemingway

Kraig
    $600 7
Bonnie Bedelia

Kraig
    $600 25
Bees

Wendy
    $600 19
Sudden death

Kraig
    $800 17
The Sleeping Gypsy

Triple Stumper
    $800 29
Chic

Triple Stumper
    $1,000 15
(K: Gonna' hit me, but drawing a blank!)

E.L. Doctorow

Kraig
    $800 8
Albert Brooks

David
    $800 26
Klatch

David
    $800 20
Death In Venice

Wendy
    $1000 18
The Persistence of Memory

Kraig
    $1000 30
Jaco Pastorius

Triple Stumper
    $1000 22
Saul Bellow

Kraig
    $1000 9
Miller (son of Jason Miller)

Triple Stumper
    $1,500 27
Orgy

David
    $1000 21
Death's head hawk moth

Wendy

Scores at the end of the Double Jeopardy! Round:

David Wendy Kraig
$6,900 $6,400 $6,700

[wagering suggestions for these scores]

Final Jeopardy! Round responses

BALLET
(The ballet was "Fancy Free", which later that year became the basis for the musical comedy "On The Town")
WendyWho is Balanchine?
$6,299
KraigWho is Joffre?
$1,200
DavidWho is Robbins
$6,501
Jerome Robbins

Final scores:

David Wendy Kraig
$13,401 $101 $5,500
2-day champion: $27,601 3rd place: Samsung Maxima Zoom 145 Compact Camera 2nd place: Zenith 32-inch TV & Broyhill Home Theater Cabinet

Game dynamics:

Coryat scores:

David Wendy Kraig
$5,700 $6,400 $7,700
19 R
(including 2 DDs),
4 W
15 R,
0 W
17 R,
2 W
(including 1 DD)

Combined Coryat: $19,800

The J! Archive is created by fans, for fans. The Jeopardy! game show and all elements thereof, including but not limited to copyright and trademark thereto, are the property of Jeopardy Productions, Inc. and are protected under law. This website is not affiliated with, sponsored by, or operated by Jeopardy Productions, Inc. Join the discussion at JBoard.tv.